01637nam a22002297a 450000500170000000800410001702000180005804000070007604100120008308200250009510000320012024500760015226000320022830000260026036500380028652008470032465000200117165000190119194200120121099900190122295201660124120230308113329.0230306b ||||| |||| 00| 0 eng d a9788188360307 cAL aEnglish 223a201.650954bPANE aKuruvilla Pandikattu974594 aEver Approachable Never Attainable : Science Religion Dialogue in India aPunebCreati Venturesc2015 a258 p.bHBc22x14 cm. a02302c₹d₹450.00f01-12-2022 aWhat is really the significance of dialogue between science and religion in India today? How can it foster better cooperation and sustainable life among human communities? What is the relevance of science-religion dialogues in our context? These are some of the questions this book takes up and deliberates. Assuming that dialogue between science and religion is no more an option but an obligation. This book takes us this venture critically and creatively. First it explores the challenges of and opportunities for science-religion dialogue from Indian perspectives. Then it explores human nature as something ever approachable. Finally, it explores the ever-elusive nature of human (and divine) nature as never attainable. This title of the book, thus, indicates the ever fascinating and elusive nature of the world, human beings, and God. aReligion974285 aScience974286 2ddccBK c226901d226901 00102ddc40708PSYaALbALd2023-03-02ePapal Seminary Pune Maharashtra 411014g450.00l0o201.650954 PANEp076447r2023-03-06 00:00:00v450.00w2023-03-06yBK